Statistiche per Quiz su Montenegro

Clicka qui per fare il quiz!

Statistiche generali

  • Questo quiz è stato fatto 1.020 volte
  • Il punteggio medio è 14 su 19

Statistiche sulle risposte

DomandaRisposta% Corretto
Stati confinantiAlbania
96%
Stati confinantiSerbia
96%
Stati confinantiBosnia ed Erzegovina
95%
Stati confinantiKosovo
95%
Stati confinantiCroazia
93%
Parte del Mediterraneo che confina con il MontenegroMar {Adriatico}
93%
Penisola di cui fa parte MontenegroBalcanica
88%
Animale a due teste che appare sulla bandieraAquila
86%
CapitalePodgorica
85%
Impero che ha controllato una parte del Montenegro dal 1496 al 1878Impero ottomano
81%
Paese di cui ha fatto parte il Montenegro dal 1918 al 1992Jugoslavia
81%
Alleanza militare a cui il Montenegro ha aderito nel 2017NATO
80%
Lingua ufficialeMontenegrino
70%
Tipo di repubblicaParlamentare
70%
Città-stato italiana che governò quella baia dal 1420 al 1797Venezia
64%
Vecchio nome della capitale dal 1946–1992, in onore di un dittatore{Tito}grado
57%
Baia più grande, patrimonio mondiale dell'UNESCOBocche di {Cattaro}
22%
Il lago più grande dell'Europa meridionaleLago di Scutari
18%
Pittore montenegrino naturalizzato italiano nel 1924Pero Poček
12%

Distribuzione punteggi

Percentile per numero di risposta

Percentuale di utenti per punteggio

I tuoi punteggi nel tempo

Non hai fatto questo quiz